000 00395nam a2200145Ia 4500
008 230917s9999||||xx |||||||||||||| ||und||
040 _e23174
_aMAIN
041 _aEnglish
082 _a330.1 SI45E
100 _aSimkin, C G F
245 0 _aEconomics at large: An advanced textbook on macro-economics
260 _aLondon
_bWeidenfeld and Nicolson
_c1968
300 _axii, 211 p.
942 _cBK
999 _c84858
_d84858